000 00184nam a2200073Ia 4500
008 170620s9999 xx 000 0 und d
100 _aMishra
245 0 _aMODERN METHODS OF EDUCATION ADMINISTRATION
260 _bALFA P
999 _c26584
_d26584